Star Wars: All Planets - Statistics

General Stats
  • This quiz has been taken 163 times
    135 since last reset
  • The average score is 87 of 1033
Answer Stats
Region Sector System Name % Correct
Outer Rim Territories Arkanis sector Tatoo system Tatooine
91%
Mid Rim Territories Chommell sector Naboo system Naboo
89%
Core Worlds Corusca sector, Coruscant subsector Coruscant system Coruscant
87%
Outer Rim Territories Moddell sector Endor system Endor
84%
Outer Rim Territories Anoat sector Hoth system Hoth
84%
Inner Rim Territories Jakku's sector Jakku system Jakku
83%
Extragalactic Unknown Kamino system Kamino
82%
Outer Rim Territories Atravis sector Mustafar system Mustafar
79%
Core Worlds Alderaan sector Alderaan system Alderaan
78%
Outer Rim Territories Arkanis sector Geonosis system Geonosis
76%
Outer Rim Territories Anoat sector Bespin system Bespin
72%
Core Worlds Corellian sector Corellia system Corellia
72%
Mid Rim Territories Mytaranor sector Kashyyyk system Kashyyyk
72%
Outer Rim Territories Sluis sector Dagobah system Dagobah
71%
Outer Rim Territories Mandalore sector Mandalore system Mandalore
70%
Outer Rim Territories Raioballo sector Dantooine system Dantooine
68%
Outer Rim Territories Tarabba sector Utapau system Utapau
67%
Unknown Regions Unknown Exegol system Exegol
64%
Outer Rim Territories Gaulus sector Ryloth system Ryloth
64%
Outer Rim Territories Quelli sector Dathomir system Dathomir
63%
Outer Rim Territories Unknown Crait system Crait
61%
Outer Rim Territories Thanium sector Felucia system Felucia
61%
Outer Rim Territories Lothal sector Lothal system Lothal
61%
Core Worlds Unknown Hosnian system Hosnian
58%
Outer Rim Territories Kessel sector Kessel system Kessel
58%
Mid Rim Territories Tashtor sector Takodana system Takodana
58%
Unknown Regions 7G sector Ilum system Ilum
57%
Outer Rim Territories Calamari sector Mon Calamari system Mon Cala
57%
Outer Rim Territories Albarrio sector Mygeeto system Mygeeto
55%
Outer Rim Territories Suolriep sector Saleucami system Saleucami
55%
Outer Rim Territories Abrion sector Scarif system Scarif
55%
Unknown Regions Unknown Ahch-To system Ahch-To
54%
Colonies Quellor sector Cato Neimoidia system Cato Neimoidia
54%
Mid Rim Territories Hutt Space Toydaria system Toydaria
54%
Expansion Region Ghost Nebula sector Umbara system Umbara
54%
Outer Rim Territories Corporate Sector Cantonica system Cantonica
53%
Mid Rim Territories Unknown Bracca system Bracca
51%
Wild Space Baxel sector Teth system Teth
51%
Outer Rim Territories Abrion sector Rishi system Rishi
50%
Outer Rim Territories D'Astan sector Serenno system Serenno
50%
Mid Rim Territories Dustig sector Malastare system Malastare
49%
Outer Rim Territories Bheriz sector Eadu system Eadu
47%
Core Worlds Unknown Hosnian system Hosnian Prime
47%
Outer Rim Territories Chorlian sector Malachor system Malachor
47%
Outer Rim Territories Chorlian sector Zygerria system Zygerria
47%
Outer Rim Territories Lothal sector Atollon system Atollon
46%
Core Worlds Bormea sector Chandrila system Chandrila
46%
Colonies Duluur sector Devaron system Devaron
46%
Outer Rim Territories Sanbra sector Ileenium system D'Qar
46%
Outer Rim Territories, Galactic Frontier Unknown Koboh system Koboh
46%
Outer Rim Territories Subterrel sector Polis Massa system Polis Massa
46%
Outer Rim Territories Sullust sector Sullust system Sullust
46%
Outer Rim Territories Unknown Zeffo system Zeffo
46%
Outer Rim Territories Savareen sector Christoph system Christophsis
45%
Outer Rim Territories Seswenna sector Eriadu system Eriadu
45%
Outer Rim Territories Hutt Space Unknown Nal Hutta
45%
Mid Rim Territories Bryx sector Wobani system Wobani
45%
Expansion Region Togruta space Shili system Shili
42%
Deep Core Unknown Tython system Tython
42%
Outer Rim Territories Sprizen sector Abafar system Abafar
41%
Colonies Shasos sector Bardotta system Bardotta
41%
Inner Rim Territories Japrael sector Japrael system Onderon
41%
Mid Rim Territories Teraab sector Ruusan system Ruusan
41%
Outer Rim Territories Belderone sector Lola Sayu system Lola Sayu
39%
Outer Rim Territories Wazta sector Lotho Minor system Lotho Minor
39%
Colonies Unknown Neimoidia system Neimoidia
39%
Outer Rim Territories Savareen sector Tyrius system Rodia
39%
Mid Rim Territories Lambda sector Ando system Ando
38%
Outer Rim Territories Unknown Quell system Quell
38%
Outer Rim Territories Mandalore sector Concord Dawn system Concord Dawn
37%
Outer Rim Territories Lothal sector Garel system Garel
37%
Wild Space Unknown Lira San system Lira San
37%
Outer Rim Territories Wazta sector Vassek system Vassek
37%
Outer Rim Territories Trilon sector Batuu system Batuu
36%
Outer Rim Territories Sertar sector Unknown Florrum
34%
Mid Rim Territories Unknown Kenari system Kenari
34%
Mid Rim Territories Bryx sector Unknown Kijimi
34%
Unknown Regions Unknown Csilla system Csilla
33%
Core Worlds Kuat sector Kuat system Kuat
33%
Outer Rim Territories Rolion sector Maridun system Maridun
33%
Outer Rim Territories Unknown Mirial system Mirial
33%
Outer Rim Territories Nevarro's sector Unknown Nevarro
33%
Mid Rim Territories Bright Jewel sector Bright Jewel system Ord Mantell
33%
Outer Rim Territories Tion Hegemony Raxus system Raxus Prime
33%
Outer Rim Territories Gordian Reach Yavin system Yavin Prime
33%
Unknown Unknown Adelphi system Adelphi
32%
Core Worlds Azure sector Azure system Anaxes
32%
Unknown Free Trade sector Morlani system Ferrix
32%
Outer Rim Territories Unknown Unknown Orto
32%
Outer Rim Territories Unknown Agamar system Agamar
30%
Outer Rim Territories Unknown Unknown Bogano
30%
Expansion Region Unknown Kiros system Kiros
30%
Outer Rim Territories Unknown Mykapo system Mykapo
30%
Outer Rim Territories Sujimis sector Pantora system Orto Plutonia
30%
Outer Rim Territories Kwymar sector Seelos system Seelos
30%
Core Worlds Unknown Unknown Skako
30%
Outer Rim Territories Unknown Kaller system Kaller
29%
Inner Rim Territories Corvair sector Kudo system Kudo
29%
Outer Rim Territories Raioballo sector Lah'mu system Lah'mu
29%
Mid Rim Territories Sloo sector Vandor system Vandor
29%
Mid Rim Territories Unknown Mapuzo system Mapuzo
28%
Outer Rim Territories Kessel sector Kessel system Oba Diah
28%
Expansion Region Ombakond sector Middian system Pasaana
28%
Mid Rim Territories Bright Jewel sector Aleen system Aleen
26%
Outer Rim Territories Ash Worlds Unknown Iego
26%
Inner Rim Territories Nouane sector Telerath system Telerath
26%
Mid Rim Territories Esaga sector Aloxor system Aloxor
25%
Outer Rim Territories Anoat sector Anoat system Anoat
25%
Colonies Unknown Balmorra system Balmorra
25%
Outer Rim Territories Unknown Bith system Bith
25%
Colonies Unknown Carida system Carida
25%
Deep Core Koros sector Empress Teta system Empress Teta
25%
Inner Rim Territories Unknown Gorse system Gorse
25%
Wild Space Unknown Kadavo system Kadavo
25%
Galactic Frontier Unknown Loreth system Loreth
25%
Outer Rim Territories Albarrio sector Albarrio system Scipio
25%
Mid Rim Territories Mytaranor sector Kashyyyk system Trandosha
25%
Mid Rim Territories Unknown Boz Pity system Boz Pity
24%
Outer Rim Territories Unknown Carlac system Carlac
24%
Mid Rim Territories Tashtor sector Castilon system Castilon
24%
Outer Rim Territories Unknown Unknown Chad
24%
Deep Core Cosian Space Cosia system Cosia
24%
Outer Rim Territories Esstran sector Unknown Moraband
24%
Outer Rim Territories Tion Hegemony Raxus system Raxus Secundus
24%
Outer Rim Territories Savareen sector Savareen system Savareen
24%
Colonies Unknown Tholoth system Tholoth
24%
Core Worlds Unknown Jinata system Vardos
24%
Outer Rim Territories Arkanis sector Arkanis system Arkanis
22%
Colonies Unknown Castell system Castell
22%
Inner Rim Territories Unknown Denon system Denon
22%
Mid Rim Territories Unknown Kupoh system Kupoh
22%
Core Worlds Unknown Protobranch system Protobranch
22%
Unknown Unknown Unknown Skako Minor
22%
Inner Rim Territories Unknown Taanab system Taanab
22%
Expansion Region Unknown Thustra system Thustra
22%
Outer Rim Territories Sertar sector Vanqor system Vanqor
22%
Inner Rim Territories Unknown Bastatha system Bastatha
21%
Outer Rim Territories Batonn sector Batonn system Batonn
21%
Unknown Unknown Unknown Bri'n
21%
Expansion Region Unknown Unknown Dorin
21%
Outer Rim Territories Corva sector Galaan system Galaan
21%
Expansion Region Unknown Kerkoidia system Kerkoidia
21%
Outer Rim Territories Anoat sector Kirtarkin system Kirtarkin
21%
Outer Rim Territories Anoat sector Mataou system Mataou
21%
Mid Rim Territories Unknown Montross system Montross
21%
Core Worlds Koornacht Cluster N'zoth system N'Zoth
21%
Outer Rim Territories Auril sector Adega system Ossus
21%
Wild Space Unknown Pion system Pion
21%
Unknown Aubreeyan Cluster Polaar system Polaar
21%
Unknown Unknown Unknown Vaal
21%
Outer Rim Territories Unknown Varkana system Varkana
21%
Wild Space Unknown Weik system Weik
21%
Wild Space Unknown Xala system Xala
21%
Outer Rim Territories Unknown Yarma system Yarma
21%
Inner Rim Territories Unknown Calcoraan system Calcoraan
20%
Unknown Regions Unknown Celwis system Celwis
20%
Inner Rim Territories Unknown Chadawa system Chadawa
20%
Mid Rim Territories Unknown Durkteel system Durkteel
20%
Mid Rim Territories Unknown Gazian system Gazian
20%
Outer Rim Territories Anoat sector Ione system Ione
20%
Unknown Regions Unknown Jamiron system Jamiron
20%
Mid Rim Territories Unknown Jekara system Jekara
20%
Unknown Unknown Kellux system Kellux
20%
Deep Core Unknown Khomm system Khomm
20%
Outer Rim Territories Unknown Lasat system Lasan
20%
Unknown Unknown Lolet system Lolet
20%
Unknown Regions Unknown Massoss system Massoss
20%
Wild Space Unknown Mulita system Mulita
20%
Mid Rim Territories Unknown Nacronis system Nacronis
20%
Mid Rim Territories Unknown Nanth'ri system Nanth'ri
20%
Inner Rim Territories Unknown Pijal system Pijal
20%
Unknown Regions Unknown Rapacc system Rapacc
20%
Outer Rim Territories Corva sector Sesid system Sesid
20%
Outer Rim Territories Nuiri sector Stygeon system Stygeon Prime
20%
Galactic Frontier Unknown Koboh system Tanalorr
20%
Mid Rim Territories Bothan Space Tarsunt system Tarsunt
20%
Outer Rim Territories Centrality Tund system Tund
20%
Unknown Regions Unknown Urch system Urch
20%
Mid Rim Territories Unknown Unknown Weyland
20%
Unknown Unknown Yout system Yout
20%
Outer Rim Territories Anoat sector Zhanox system Zhanox
20%
Unknown Regions Unknown Zyzek system Zyzek
20%
Outer Rim Territories Unknown Ab Dalis system Ab Dalis
18%
Outer Rim Territories Belsmuth sector Botajef system Botajef
18%
Mid Rim Territories Bothan Space Unknown Bothawui
18%
Outer Rim Territories Anoat sector Burnin Konn system Burnin Konn
18%
Core Worlds Unknown Unknown Duro
18%
Outer Rim Territories Anoat sector Gerrenthum system Gerrenthum
18%
Outer Rim Territories Dalnan sector Haileap system Haileap
18%
Wild Space Unknown Irudiru system Irudiru
18%
Outer Rim Territories Unknown Unknown Jabiim
18%
Outer Rim Territories Unknown Jalindi system Jalindi
18%
Unknown Unknown Jiruus system Jiruus
18%
Outer Rim Territories Sevetta sector Kowak system Kowak
18%
Outer Rim Territories Unknown Llanic system Llanic
18%
Inner Rim Territories Unknown Netalych system Netalych
18%
Unknown Unknown Ord Mynock system Ord Mynock
18%
Unknown Regions Chiss Ascendancy's northeast-zenith sector Ornfra system Ornfra
18%
Unknown Unknown Pii system Pii
18%
Unknown Regions Unknown Pleknok system Pleknok
18%
Unknown Regions Unknown Primea system Primea
18%
Inner Rim Territories Unknown Quarzite system Quarzite
18%
Unknown Regions Unknown Unknown Rakata Prime
18%
Unknown Regions Chiss Ascendancy's southeast sectors Sarvchi system Sarvchi
18%
Deep Core Unknown Sha Qarot system Sha Qarot
18%
Outer Rim Territories Tenoo's sector Unknown Tenoo
18%
Unknown Unknown Therezar system Therezar
18%
Unknown Unknown Theron system Theron
18%
Inner Rim Territories Unknown Throffdon system Throffdon
18%
Unknown Unknown Velusia system Velusia
18%
Mid Rim Territories Unknown Warlentta system Warlentta
18%
Outer Rim Territories Ferra sector Xorrn system Xorrn
18%
Outer Rim Territories Vorzyd sector Auratera system Auratera
17%
Outer Rim Territories Unknown Eiram system Eiram
17%
Unknown Unknown Hudalla system Hudalla
17%
Outer Rim Territories Unknown Iakar system Iakar
17%
Outer Rim Territories Unknown Kaddak system Kaddak
17%
Outer Rim Territories Unknown Mokivj system Mokivj
17%
Mid Rim Territories Terrabe sector, Freestanding subsectors Jedha system NaJedha
17%
Outer Rim Territories Unknown Omereth system Omereth
17%
Unknown Regions Unknown Sunrise system Sunrise
17%
Outer Rim Territories Unknown Taris system Taris
17%
Unknown Unknown Taw Provode system Taw Provode
17%
Outer Rim Territories Unknown Thabeska system Thabeska
17%
Core Worlds Unknown Abregado system Abregado-rae
16%
Outer Rim Territories Unknown Unknown Corvus
16%
Outer Rim Territories Unknown Elphrona system Elphrona
16%
Outer Rim Territories Unknown Galidraan system Galidraan
16%
Wild Space Unknown Unknown Kalee
16%
Outer Rim Territories Tion Cluster Murkhana system Murkhana
16%
Inner Rim Territories Unknown Obroa-skai system Obroa-skai
16%
Outer Rim Territories Unknown Refnu system Refnu
16%
Outer Rim Territories Periphery Sedri system Sedri
16%
Outer Rim Territories Rseik sector Valo system Valo
16%
Unknown Unknown Unknown Aargonar
14%
Outer Rim Territories Unknown Unknown Bastion
14%
Outer Rim Territories Unknown Belderone system Belderone
14%
Deep Core Unknown Unknown Byss
14%
Expansion Region Circarpous sector Circarpous system Mimban
14%
Unknown Unknown Unknown Morak
14%
Outer Rim Territories Unknown Pandem Nai system Pandem Nai
14%
Core Worlds Unknown Jinata system Pillio
14%
Mid Rim Territories Unknown Unknown Ringo Vinda
14%
Outer Rim Territories Unknown Unknown Sorgan
14%
Outer Rim Territories Unknown Tamsye Prime system Tamsye Prime
14%
Outer Rim Territories Mandalore sector Mandalore system Kalevala
13%
Outer Rim Territories Mandalore sector Phindar system Phindar
13%
Outer Rim Territories Unknown Unknown Plazir-15
13%
Unknown Unknown Unknown Aldhani
12%
Unknown Unknown Unknown Chandel
12%
Colonies Unknown Unknown Ghorman
12%
Inner Rim Territories Unknown Unknown Birren
11%
Colonies Unknown Unknown Fondor
11%
Wild Space Huk sector Unknown Huk
11%
Unknown Free Trade sector Morlani system Morlana One
11%
Unknown Unknown Unknown Norsid
11%
Unknown Unknown Unknown Sakavi Tar
11%
Unknown Unknown Unknown Stewjon
11%
Unknown Kinrah system Unknown Kinrah
9%
Unknown Kol Iben system Unknown Kol Iben
9%
Outer Rim Territories Instrop sector Vlemoth Port system Vlemoth Port
9%
Unknown Unknown Unknown Daiyu
8%
Mid Rim Territories Unknown Ottega system Ithor
8%
Unknown Regions Kinoss system Unknown Kinoss
8%
Unknown Unknown Unknown Niamos
8%
Unknown Unknown Unknown Arvala-7
7%
Outer Rim Territories Unknown Unknown Daro
7%
Mid Rim Territories Unknown Jalor system Glee Anselm
7%
Outer Rim Territories Unknown Unknown Hypori
7%
Mid Rim Territories Unknown Unknown Iridonia
7%
Unknown Morellian Commonwealth Unknown Morellia
7%
Unknown Unknown Unknown Ordo
7%
Colonies Unknown Unknown Abednedo
5%
Outer Rim Territories Unknown Unknown Akiva
5%
Mid Rim Territories Unknown Unknown Ansion
5%
Inner Rim Territories Unknown Unknown Antar
5%
Mid Rim Territories Unknown Unknown Cerea
5%
Outer Rim Territories Oplovis sector Heaven system Earth
5%
Outer Rim Territories Hutt Space Unknown Klatooine
5%
Outer Rim Territories Mandalore sector New Kleyman system Krownest
5%
Outer Rim Territories Unknown Unknown Muunilinst
5%
Mid Rim Territories Bright Jewel sector Numidian system Numidian Prime
5%
Outer Rim Territories Unknown Aeos system Aeos Prime
4%
Outer Rim Territories Albarrio sector Anthan system Anthan Prime
4%
Colonies Unknown Unknown Arkania
4%
Wild Space Morellian Commonwealth Artiod system Artiod Minor
4%
Outer Rim Territories Unknown Unknown Askaji
4%
Mid Rim Territories Unknown Unknown Balnab
4%
Core Worlds Unknown Unknown Bar'leth
4%
Unknown Unknown Unknown Barton-4
4%
Outer Rim Territories Corva sector Unknown Basteel
4%
Outer Rim Territories Unknown Unknown Begamor
4%
Inner Rim Territories Unknown Bestine system Bestine IV
4%
Unknown Unknown Unknown Bestoon
4%
Outer Rim Territories Dalnan sector Unknown Dalna
4%
Outer Rim Territories Atrivis sector Unknown Fest
4%
Mid Rim Territories Unknown Unknown Haruun Kal
4%
Outer Rim Territories Unknown Hetzal system Hetzal Prime
4%
Inner Rim Territories Unknown Unknown Kiffu
4%
Outer Rim Territories Hutt Space Unknown Kintan
4%
Unknown Unknown Unknown Lafete
4%
Outer Rim Territories Unknown Unknown Lahn
4%
Mid Rim Territories Unknown Unknown Lateron
4%
Inner Rim Territories Unknown Unknown Manaan
4%
Unknown Unknown Unknown Minntooine
4%
Hutt Space Unknown Unknown Nimban
4%
Outer Rim Territories Lothal sector Unknown Oon
4%
Outer Rim Territories Unknown Unknown Ord Cestus
4%
Outer Rim Territories Unknown Unknown Pagodon
4%
Unknown Unknown Unknown Parwa
4%
Core Worlds Unknown Hosnian system Raysho
4%
Unknown Unknown Unknown Segra Milo
4%
Unknown Unknown Kaldar Trinary system Skara Nal
4%
Core Worlds Unknown Unknown Tepasi
4%
Outer Rim Territories Vallt's sector Unknown Vallt
4%
Outer Rim Territories Savareen sector Unknown Yerbana
4%
Outer Rim Territories Gaulus sector Unknown Aaloth
3%
Mid Rim Territories Unknown Unknown Abelor
3%
Outer Rim Territories Unknown Unknown Actlyon
3%
Wild Space Unknown Unknown Aeten II
3%
Unknown Unknown Unknown Affa
3%
Wild Space Unknown Unknown Agaris
3%
Outer Rim Territories Cademimu sector Unknown Ajara
3%
Inner Rim Territories Unknown Unknown Aleen Minor
3%
Unknown Unknown Unknown Allst Prime
3%
Outer Rim Territories Unknown Unknown Alpinn
3%
Mid Rim Territories Unknown Unknown Alun
3%
Outer Rim Territories Sujimis sector Unknown Alzoc III
3%
Inner Rim Territories Unknown Unknown Ambria
3%
Outer Rim Territories Corporate Sector Unknown Ammuud
3%
Outer Rim Territories Anoat sector Unknown Anantapar
3%
Unknown Unknown Unknown Ando Prime
3%
Expansion Region Unknown Unknown Aquaris
3%
Outer Rim Territories Unknown Unknown Arbiflux
3%
Outer Rim Territories Bon'nyuw-Luq sector Unknown Arbra
3%
Mid Rim Territories Senex sector Unknown Asmeru
3%
Core Worlds Unknown Jinata system Athulla
3%
Outer Rim Territories Unknown Atterra system Atterra Alpha
3%
Outer Rim Territories Unknown Atterra system Atterra Bravo
3%
Outer Rim Territories Unknown Atterra system Atterra Primo
3%
Colonies Unknown Unknown Avedot
3%
Unknown Regions Unknown Unknown Avidich
3%
Wild Space Unknown Unknown Bakura
3%
Core Worlds Unknown Unknown Balosar
3%
Outer Rim Territories Unidentified sector Unidentified system Banas
3%
Mid Rim Territories Unknown Unknown Bardelberan 7
3%
Outer Rim Territories Anoat sector Unknown Bavva
3%
Outer Rim Territories Unknown Yost system Berzite
3%
Core Worlds Unknown Unknown Botor
3%
Inner Rim Territories Unknown Unknown Champala
3%
Mid Rim Territories Chommell sector Unknown Chommell Minor
3%
Mid Rim Territories Unknown Codia system Codia I
3%
Unknown Unknown Unknown Desix
3%
Outer Rim Territories Unknown Unknown Elom
3%
Outer Rim Territories Unknown Unknown Er'Kit
3%
Outer Rim Territories Unknown Eiram system E'ronoh
3%
Unknown Unknown Unknown Frezno
3%
Outer Rim Territories Galov sector Unknown Gamorr
3%
Outer Rim Territories Shadola sector Unknown Gand
3%
Outer Rim Territories Unknown Unknown Gravlex Med
3%
Colonies Hynestian sector Unknown Hynestia Prime
3%
Expansion Region Narvath sector Iktotch system Iktotchon
3%
Unknown Unknown Unknown Ipsidon
3%
Outer Rim Territories Atravis sector Mustafar system Jestefad
3%
Outer Rim Territories Nilgaard sector Unknown Karkaris
3%
Inner Rim Territories Unknown Unknown Kiffex
3%
Expansion Region Unknown Unknown Kinyen
3%
Unknown Unknown Unknown Maldo Kreis
3%
Outer Rim Territories Unknown Unknown Naraka
3%
Outer Rim Territories, Trailing Sectors Savareen sector Unknown Nelvaan
3%
Deep Core Unknown Unknown Ojom
3%
Outer Rim Territories Unknown Unknown Oosalon
3%
Unknown Unknown Unknown Orondia
3%
Outer Rim Territories Unknown Unknown Rattatak
3%
Outer Rim Territories Unknown Unknown Raydonia
3%
Unknown Regions Unknown Unknown Rentor
3%
Outer Rim Territories Unknown Unknown Sarrish
3%
Outer Rim Territories Periphery Sedri system Sedri Minor
3%
Mid Rim Territories Unknown Unknown Shantipole
3%
Outer Rim Territories Hutt Space Unknown Sriluur
3%
Outer Rim Territories Unknown Unknown Takobo
3%
Outer Rim Territories Unknown Trymant system Trymant IV
3%
Mid Rim Territories Barsa sector Uba system Uba IV
3%
Outer Rim Territories Abrion sector Unknown Ukio
3%
Mid Rim Territories Unknown Unknown Wynkahthu
3%
Unknown Unknown Unknown Absanz
1%
Unknown Unknown Unknown Affadar
1%
Unknown Unknown Agoliba-Tu system Agoliba-Ado
1%
Unknown Unknown Agoliba-Tu system Agoliba-Ena
1%
Mid Rim Territories Mytaranor sector Kashyyyk system Alaris
1%
Deep Core Unknown Unknown Aloxl
1%
Inner Rim Territories Unknown Unknown Amethia Prime
1%
Outer Rim Territories Unknown Unknown Ammon IV
1%
Outer Rim Territories Unknown Unknown Andelm IV
1%
Unknown Unknown Unknown Andraven
1%
Unknown Unknown Unknown Anelsana
1%
Mid Rim Territories Unknown Unknown Ankhural
1%
Unknown Unknown Unknown Aq Vetina
1%
Outer Rim Territories Unknown Unknown Arbooine
1%
Unknown Unknown Unknown Argai Minor
1%
Unknown Unknown Unknown Aria Prime
1%
Expansion Region Unknown Unknown Aridus
1%
Unknown Unknown Unknown Arieli
1%
Unknown Unknown Unknown Aris
1%
Inner Rim Territories Unknown Unidentified system Arreyel
1%
Outer Rim Territories Unknown Unknown Ashas Ree
1%
Outer Rim Territories Unknown Unknown Asusto
1%
Unknown Unknown Unknown Atraken
1%
Outer Rim Territories Dalnan sector Unknown Aubadas
1%
Outer Rim Territories Unknown Unknown Axxila
1%
Unknown Unknown Unknown Aynaboni
1%
Mid Rim Territories Unknown Unknown Bamayar
1%
Unknown Unknown Unknown Bamayar IX
1%
Outer Rim Territories Unknown Inugg system Banchii
1%
Outer Rim Territories Unknown Unknown Baraan-Fa
1%
Outer Rim Territories Unknown Unknown Barab I
1%
Unknown Unknown Unknown Bartokan V
1%
Expansion Region Unknown Unknown Batuv
1%
Unknown Unknown Unknown Bedlam
1%
Unknown Unknown Lido system Bora Vio
1%
Core Worlds Bormea sector Brentaal System Brentaal IV
1%
Outer Rim Territories Unknown Unknown Cadomai Prime
1%
Outer Rim Territories Unknown Unknown Calior
1%
Unknown Unknown Unknown Camson
1%
Core Worlds Unknown Hosnian system Cardota
1%
Deep Core Unknown Cerberon system Catadra
1%
Core Worlds Bormea sector Brentaal System Cavas
1%
Outer Rim Territories Unknown Unknown Chagar IX
1%
Mid Rim Territories Unknown Unknown Chalacta
1%
Outer Rim Territories Unknown Unknown Chal Hudda
1%
Outer Rim Territories Unknown Unknown Cholganna
1%
Unknown Regions Unknown Unknown Colonial Station Camco
1%
Colonies Unknown Unknown Commenor
1%
Deep Core Cosian Space Unknown Cos Secundu
1%
Outer Rim Territories Anoat sector Unknown Council
1%
Outer Rim Territories Tion Hegemony Unknown Crucival
1%
Mid Rim Territories Unknown Unknown Crul
1%
Mid Rim Territories Unknown Unknown Cyclor
1%
Mid Rim Territories Unknown Unknown Cyphar
1%
Mid Rim Territories Unknown Unknown Dallenor
1%
Mid Rim Territories Unknown Unknown Dasoor
1%
Colonies Unknown Unknown Deko Neimoidia
1%
Outer Rim Territories Anoat sector Unknown Delphon
1%
Outer Rim Territories Batonn sector Unknown Denash
1%
Outer Rim Territories Unknown Unknown Desinta
1%
Mid Rim Territories Unknown Unknown Dinzo
1%
Core Worlds Unknown Unknown Dowut
1%
Outer Rim Territories Unknown Unknown Drahgor III
1%
Inner Rim Territories Unknown Unknown Ephemera
1%
Outer Rim Territories Corporate Sector Salient system Epiphany
1%
Mid Rim Territories Unknown Unknown Eroudac
1%
Outer Rim Territories Anoat sector Unknown Ertegas
1%
Inner Rim Territories Unknown Unknown Espirion
1%
Mid Rim Territories Unknown Unknown Falleen
1%
Outer Rim Territories Unknown Unknown Fermic
1%
Outer Rim Territories Unknown Unknown Freerock
1%
Outer Rim Territories Unknown Galidraan system Galidraan III
1%
Outer Rim Territories Unknown Galidraan system Galidraan IV
1%
Mid Rim Territories Unknown Unknown Gan Moradir
1%
Outer Rim Territories Anoat sector Unknown Gentes
1%
Outer Rim Territories Tynquay sector Unknown Gigor
1%
Colonies Unknown Unknown Giju
1%
Outer Rim Territories Dalnan sector Unknown Gloam
1%
Outer Rim Territories Unknown Unknown Gonda
1%
Unknown Unknown Unknown Gossam
1%
Mid Rim Territories Rocantor sector Unknown Grange
1%
Outer Rim Territories Unknown Unknown Hadros
1%
Colonies Unknown Unknown Halcyon
1%
Outer Rim Territories Unknown Hebekrr system Hebekrr Major
1%
Outer Rim Territories Unknown Hebekrr system Hebekrr Minor
1%
Outer Rim Territories Unknown Five Points system Hirara
1%
Outer Rim Territories Unknown Unknown Hissrich
1%
Outer Rim Territories Anoat sector Burnin Konn system Hosra
1%
Outer Rim Territories Unknown Unknown Ibaar
1%
Mid Rim Territories Unknown Unknown Ikkrukk
1%
Mid Rim Territories Unknown Unknown Inusagi
1%
Unknown Unknown Unknown Irff
1%
Outer Rim Territories Anoat sector Ison system Ison
1%
Outer Rim Territories Albarrio sector Mygeeto system Itzeho
1%
Outer Rim Territories Torch Nebula Unknown Judakann
1%
Mid Rim Territories Unknown Unknown Kalarba
1%
Deep Core Unknown Unknown Kalist VI
1%
Wild Space Unidentified sector Unknown Kamil
1%
Mid Rim Territories Senex sector Unknown Karfeddion
1%
Outer Rim Territories Unknown Belderone system Karolia
1%
Mid Rim Territories Unknown Unknown Keitum
1%
Outer Rim Territories Unknown Unknown Kintoni
1%
Mid Rim Territories Unknown Unknown Kirima
1%
Unknown Unknown Unknown Konkiv
1%
Inner Rim Territories Unknown Unknown Kooriva
1%
Unknown Unknown Unknown Korrilan IV
1%
Outer Rim Territories Unknown Ku'Bakai system Kubindi
1%
Unknown Unknown Unknown Langston
1%
Mid Rim Territories Unknown Unknown Lannik
1%
Unknown Unknown Unknown Lanteeb
1%
Outer Rim Territories Atravis sector Mustafar system Lefrani
1%
Unknown Regions Unknown Unknown Lenahra
1%
Unknown Regions Lioaoin space Unknown Lioaoin heartworld
1%
Outer Rim Territories Greater Javin Unknown Lutrillia
1%
Expansion Region, Wild Space Unknown Unknown Lysatra
1%
Mid Rim Territories Unknown Unknown Mahranee
1%
Western Reaches Unknown Unknown Malian
1%
Expansion Region Unknown Megalox system Megalox Beta
1%
Unknown Unknown Unknown Midarr
1%
Outer Rim Territories Anoat sector Bespin system Miser
1%
Mid Rim Territories Unknown Unknown Mon Gazza
1%
Unknown Unknown Unknown Monta
1%
Mid Rim Territories Unknown Unknown Mooga
1%
Outer Rim Territories Oplovis sector Heaven system Mountain
1%
Expansion Region Unknown Unknown Myomar
1%
Mid Rim Territories Unknown Unknown Naalol
1%
Unknown Regions Sector Epsilon 51-3 Dassal system Najra-Va
1%
Unknown Unknown Unknown Naporar
1%
Outer Rim Territories Unknown Unknown Nar Kanji
1%
Colonies Unknown Unknown Narq
1%
Outer Rim Territories Unknown Unknown Necropolis
1%
Outer Rim Territories Unknown Socorro system Neftali
1%
Outer Rim Territories Dalnan sector Haileap system Nixus
1%
Outer Rim Territories Unknown Unknown Nixus
1%
Colonies Unknown Unknown Noctu
1%
Unknown Regions Unknown Unknown Ool
1%
Outer Rim Territories Unknown Unknown Oru
1%
Mid Rim Territories Unknown Unknown Pacara
1%
Unknown Regions Unknown Unknown Parnassos
1%
Mid Rim Territories Unknown Unknown Patitite Pattuna
1%
Expansion Region Unknown Unknown Persis IX
1%
Unknown Unknown Unknown Philaxia
1%
Unknown Unknown Unknown Pria
1%
Mid Rim Territories Unknown Unknown Quarmendy
1%
Outer Rim Territories Unknown Unknown Quermia
1%
Hutt Space Unknown Unknown Ques
1%
Unknown Unknown Kiva system Rendel
1%
Outer Rim Territories Unknown Unknown Rhen Var
1%
Unknown Regions Unknown Rhigal system Rhigar
1%
Unknown Unknown Unknown Rior
1%
Inner Rim Territories Unknown Unknown Riosa
1%
Unknown Unknown Unknown Rohm
1%
Deep Core Koros sector Empress Teta system Ronika
1%
Outer Rim Territories Corporate Sector Salient system Salient I
1%
Outer Rim Territories Corporate Sector Salient system Salient II
1%
Outer Rim Territories Batonn sector Unknown Sammun
1%
Western Reaches Unknown Unknown Samovar
1%
Mid Rim Territories Unknown Unknown Shu-Torun
1%
Core Worlds Bormea sector Chandrila system Sissubo
1%
Outer Rim Territories Unknown Unknown Skuhl
1%
Unknown Regions Unknown Unknown Solitair
1%
Core Worlds Unknown Unknown Spira
1%
Outer Rim Territories Ash Worlds Unknown Sran
1%
Unknown Regions Unknown Unknown Stivic
1%
Outer Rim Territories Unknown Unknown Stobar
1%
Outer Rim Territories, Western Reaches Unknown Unknown Subterrel
1%
Unknown Unknown Unknown Taloraan
1%
Core Worlds Corellian sector Corellia system Talus
1%
Unknown Unknown Unknown Thelj
1%
Expansion Region Unknown Unknown Thisspias
1%
Unknown Unknown Unknown Thrad
1%
Outer Rim Territories Esstran sector Thurra system Thule
1%
Outer Rim Territories Oplovis sector Heaven system Thunder
1%
Inner Rim Territories Unknown Unknown Thyferra
1%
Mid Rim Territories Hadar sector Unknown Tibrin
1%
Mid Rim Territories Unknown Unknown Tierfon
1%
Unknown Unknown Torrenoteer system Torrenoteer Minor
1%
Core Worlds Corellian sector Corellia system Tralus
1%
Outer Rim Territories Unknown Unknown Troiken
1%
Deep Core Unknown Cerberon system Troithe
1%
Outer Rim Territories Unknown Unknown Turkana
1%
Expansion Region Unknown Unknown Tynna
1%
Outer Rim Territories Unknown Uvena system Uvena Prime
1%
Unknown Unknown Unknown Vadran
1%
Mid Rim Territories Unknown Unknown Varnak
1%
Expansion Region Unknown Unknown Vendaxa
1%
Inner Rim Territories Merrick sector Unknown Vetine
1%
Unknown Unknown Unknown Virujansi
1%
Outer Rim Territories Unknown Unknown Vorlag
1%
Outer Rim Territories Vorzyd sector Unknown Vorzyd V
1%
Outer Rim Territories Unknown Five Points system Watassay
1%
Outer Rim Territories Oplovis sector Heaven system Water
1%
Deep Core Unknown Unknown Wellspring of Life
1%
Outer Rim Territories Oplovis sector Heaven system Wind
1%
Outer Rim Territories Rocun Cluster Unknown Xais
1%
Unknown Unknown Unknown Xendek
1%
Inner Rim Territories Unknown Unknown Xibariz
1%
Colonies Unknown Unknown Yabol Opa
1%
Inner Rim Territories Unknown Unknown Yag'Dhul
1%
Outer Rim Territories Hutt Space Unknown Ylesia
1%
Mid Rim Territories Unknown Opalok system Yungbrii
1%
Mid Rim Territories Lambda sector Unknown Zolan
1%
Outer Rim Territories Unknown Unknown Zoph
1%
Unknown Unknown Unknown Zyzar
1%
Mid Rim Territories Chommell sector Unknown Behpour
0%
Outer Rim Territories Anoat sector Unknown Bendeluum
0%
Outer Rim Territories Unknown Unknown Benetage
0%
Unknown Unknown Unknown Benglor
0%
Inner Rim Territories Unknown Unknown Bernilla
0%
Unknown Unknown Unknown Bilzen
0%
Outer Rim Territories Unknown Unknown Birukay
0%
Core Worlds Unknown Unknown Bleuf
0%
Expansion Region Unknown Unknown Blutopia
0%
Mid Rim Territories Unknown Unknown Bormus
0%
Unknown Unknown Unknown Bray
0%
Mid Rim Territories Unknown Unknown Bromlarch
0%
Colonies Unknown Unknown Cabarria
0%
Unknown Tapani sector Unknown Caloria
0%
Colonies Unknown Unknown Candovant
0%
Unknown Unknown Unknown Caragon-Viner
0%
Outer Rim Territories Unknown Unknown Carajam
0%
Unknown Unknown Unknown Carnelion IV
0%
Outer Rim Territories Unknown Unknown Cermau
0%
Unknown Unknown Unknown CeSai
0%
Inner Rim Territories Unknown Unknown Chaaktil
0%
Outer Rim Territories Unknown Unknown Chandar's Folly
0%
Outer Rim Territories Unknown Unknown Charros IV
0%
Unknown Unknown Unknown Chasmeene
0%
Outer Rim Territories Unknown Unknown Chibbier
0%
Unknown Unknown Unknown Chorin
0%
Unknown Unknown Unknown Choss
0%
Unknown Unknown Unknown Chrona
0%
Unknown Unknown Unknown Cianap
0%
Unknown Unknown Unknown Clerion
0%
Inner Rim Territories Unknown Unknown Colla IV
0%
Inner Rim Territories Unknown Unknown Cona
0%
Core Worlds Unknown Unknown Corulag
0%
Outer Rim Territories Unknown Unknown Cosmatanic Steppes gas giant
0%
Core Worlds Unknown Hosnian system Courtsilius
0%
Mid Rim Territories Unknown Unknown Coyerti
0%
Expansion Region Unknown Unknown Cuyacan
0%
Expansion Region Unknown Unknown Cyrillia
0%
Outer Rim Territories Hutt Space Unknown Cyrkon
0%
Unknown Unknown Unknown Czerialus
0%
Unknown Unknown Unknown Daghee
0%
Outer Rim Territories Unknown Unknown Daivak
0%
Unknown Unknown Unknown Damanos
0%
Unknown Hutt Space Doran system Dandoran
0%
Outer Rim Territories Anoat sector Unknown Darlyn Boda
0%
Core Worlds Unknown Unknown Davnar II
0%
Outer Rim Territories Unknown Unknown Daxam IV
0%
Unknown Unknown Unknown Daxan Beta
0%
Unknown Unknown Unknown Delrian Prison Planet
0%
Unknown Regions Unknown Unknown Demir
0%
Unknown Unknown Unknown Deris-plata
0%
Outer Rim Territories Unknown Unknown Dermos
0%
Unknown Unknown Unknown Devalok
0%
Expansion Region Unknown Unknown Dhandu
0%
Unknown Unknown Malitoris system Dianth
0%
Inner Rim Territories Unknown Unknown Dinwa Prime
0%
Unknown Unknown Unknown Distilon
0%
Outer Rim Territories Unknown Unknown Dol'har Hyde
0%
Unknown Unknown Unknown Donovia
0%
Hutt Space Unknown Unknown Dotharian
0%
Inner Rim Territories Unknown Unknown Dwartii
0%
Unknown Unknown Unknown Dybbron III
0%
Deep Core Unknown Unknown Dybrin
0%
Unknown Unknown Unknown Edis VII
0%
Unknown Unknown Unknown Egips
0%
Outer Rim Territories Unknown Penagosis system Elkeenar
0%
Outer Rim Territories Unknown Unknown Escalan
0%
Unknown Unknown Unknown Escarte
0%
Unknown Unknown Unknown Eshan
0%
Core Worlds Unknown Unknown Espinar
0%
Unknown Unknown Unknown Esseles
0%
Mid Rim Territories Unknown Unknown Etai
0%
Unknown Unknown Unknown Etti IV
0%
Core Worlds Unknown Unknown Eufornis Major
0%
Outer Rim Territories Unknown Unknown Eufornis Minor
0%
Unknown Unknown Unknown Everon
0%
Unknown Unknown Unknown Ezaraa
0%
Wild Space Unknown Unknown Farana
0%
Unknown Unknown Unknown Farhava Beta
0%
Core Worlds Unknown Unknown Fedalle
0%
Unknown Unknown Unknown Federian
0%
Unknown Unknown Unknown Fedovoi End
0%
Unknown Unknown Unknown Feenix
0%
Unknown Unknown Unknown Fillithar
0%
Outer Rim Territories Tion Cluster Unknown Foran Tutha
0%
Unknown Unknown Unknown Forrn
0%
Unknown Unknown Unknown Fresia
0%
Outer Rim Territories Unknown Unknown Frong
0%
Unknown Unknown Unknown Gaaten
0%
Unknown Unknown Unknown Gabdor
0%
Unknown Unknown Unknown Gabredor III
0%
Colonies Unknown Unknown Galagolos V
0%
Unknown Unknown Unknown Galator III
0%
Unknown Unknown Unknown Galdi
0%
Unknown Unknown Unknown Galmerah
0%
Unknown Unknown Unknown Galpos II
0%
Unknown Unknown Unknown Galzez
0%
Unknown Unknown Unknown Gamerong
0%
Outer Rim Territories Trilon sector Unknown Gannaria
0%
Outer Rim Territories Tammuz sector Unknown Gansevor
0%
Core Worlds Unknown Unknown Ganthel
0%
Unknown Unknown Unknown Gargon
0%
Core Worlds Unknown Unknown Gatalenta
0%
Unknown Unknown Unknown Geptish
0%
Unknown Unknown Unknown Gesaral Beta
0%
Unknown Regions Unknown Unknown GH-531
0%
Unknown Unknown Unknown Giermos
0%
Inner Rim Territories Unknown Unknown Gilvaanen
0%
Wild Space Unknown Unknown Graf-World
0%
Core Worlds Unknown Unknown Grizmallt
0%
Inner Rim Territories Unknown Unknown Guagenia
0%
Outer Rim Territories Unknown Unknown Guat'a
0%
Outer Rim Territories Unknown Unknown GUHL-JO387O
0%
Unknown Unknown Unknown Gulhadar
0%
Outer Rim Territories Anoat sector Unknown Gutretee
0%
Colonies Unknown Unknown Gwongdeen
0%
Expansion Region Circarpous sector Unknown Gyndine
0%
Mid Rim Territories Kontahr sector Unknown Haidoral Prime
0%
Expansion Region Unknown Unknown Haneli
0%
Unknown Unknown Harkrova system Harkrova I
0%
Core Worlds Unknown Unknown Harloff Minor
0%
Outer Rim Territories Unknown Otomok system Hays Major
0%
Outer Rim Territories Unknown Otomok system Hays Minor
0%
Inner Rim Territories Unknown Unknown Hevurion
0%
Outer Rim Territories Unknown Unknown Hinari
0%
Core Worlds Unknown Unknown Hindle
0%
Mid Rim Territories Unknown Unknown Hisseen
0%
Unknown Unknown Unknown Hofsgut
0%
Outer Rim Territories Unknown Unknown Horuz
0%
Expansion Region Unknown Unidentified system Hovun IV
0%
Unknown Regions Unknown Unknown Hoxim
0%
Core Worlds Unknown Unknown Humbarine
0%
Outer Rim Territories Unknown Unknown Hyperkarn
0%
Inner Rim Territories Unknown Unknown Iloh
0%
Inner Rim Territories Unknown Unknown Imroosia
0%
Unknown Unknown Hasmir system Imvur
0%
Wild Space Unknown Unknown Indoumodo
0%
Unknown Unknown Unknown Insk
0%
Outer Rim Territories, Western Reaches Unknown Unknown Isde Naha
0%
Mid Rim Territories Unknown Unknown Iskalon
0%
Expansion Region Unknown Thustra system Isobe
0%
Unknown Unknown Unknown Itapi Prime
0%
Expansion Region Unknown Unknown Ivarujar
0%
Unknown Unknown Unknown Ivera X
0%
Outer Rim Territories Unknown Unknown I'vorcia Prime
0%
Unknown Unknown Unknown Ixilix
0%
Unknown Unknown Unknown Jaelen
0%
Mid Rim Territories Chommell sector Unknown Jafan
0%
Unknown Unknown Unknown Jaguada
0%
Unknown Unknown Janx system Janx II
0%
Galactic Frontier Unknown Unknown Japeal
0%
Expansion Region Unknown Junker systems Jarbanov
0%
Outer Rim Territories Corva sector Unknown Jaresh
0%
Unknown Unknown Unknown Jaymir
0%
Outer Rim Territories Unknown Unknown Jelucan
0%
Outer Rim Territories Unknown Unknown Jeosyn
0%
Unknown Unknown Unknown Jereth VI
0%
Mid Rim Territories Unknown Unknown Jeyell
0%
Outer Rim Territories Anoat sector Hoth system Jhas
0%
Unknown Unknown Unknown Jondora
0%
Wild Space Unknown Unknown K43
0%
Outer Rim Territories Unknown Unknown Kal'Shebbol
0%
Unknown Unknown Unknown Kanzi
0%
Outer Rim Territories Unknown Unknown Kardoa
0%
Mid Rim Territories Chommell sector Unknown Karlinus
0%
Expansion Region Unknown Unknown Kerev Doi
0%
Unknown Unknown Unknown Kergans
0%
Unknown Unknown Unknown Kethmandi
0%
Mid Rim Territories Unknown Unknown Ketzali
0%
Unknown Unknown Unknown Kidron
0%
Outer Rim Territories Unknown Unknown Kirdo III
0%
Unknown Unknown Unknown Kizan
0%
Unknown Unknown Unknown Klonoid
0%
Wild Space Unknown Unknown Klytus V
0%
Unknown Unknown Unknown Kortatka
0%
Colonies Unknown Unknown Koru Neimoidia
0%
Unknown Unknown Unknown Koshaga
0%
Unknown Unknown Unknown Kotab
0%
Mid Rim Territories Chommell sector Unknown Kreeling
0%
Mid Rim Territories Unknown Unknown Kril'Dor
0%
Unknown Unknown Unknown Krystar
0%
Outer Rim Territories Unknown Unknown Ktath'atn
0%
Expansion Region Unknown Unknown Kullgroon
0%
Core Worlds Unknown Unknown Lanz Carpo
0%
Unknown Unknown Unknown Lechra
0%
Unknown Unknown Unknown Ledalau
0%
Unknown Unknown Unknown Leoxo
0%
Core Worlds Unknown Unknown Lespectus
0%
Unknown Unknown Unknown Lew'el
0%
Mid Rim Territories Unknown Unknown Lexrul
0%
Inner Rim Territories Unknown Unknown Li-Toran
0%
Wild Space Unknown Unknown Livno III
0%
Unknown Unknown Unknown Lokori
0%
Inner Rim Territories Unknown Unknown Lonera
0%
Unknown Unknown Unknown Lowik
0%
Unknown Unknown Unknown Luprora
0%
Expansion Region Unknown Unknown Malathon IX
0%
Unknown Unknown Unknown Malenko
0%
Unknown Unknown Unknown Malpaz
0%
Wild Space Unknown Unknown Mannius Eight
0%
Outer Rim Territories Unknown Unknown Manpha
0%
Inner Rim Territories Unknown Unknown Manress
0%
Unknown Unknown Unknown Marca
0%
Inner Rim Territories Unknown Unknown Mardona III
0%
Unknown Unknown Unknown Mareg IX
0%
Outer Rim Territories Unknown Unknown Marleyvane
0%
Outer Rim Territories Unknown Unknown Maryx Minor
0%
Unknown Unknown Unknown Mathas
0%
Outer Rim Territories Unknown Unknown Mearalis II
0%
Unknown Unknown Unknown Mek'tradi
0%
Outer Rim Territories Unknown Unknown Merj
0%
Outer Rim Territories Unknown Unknown Merokia
0%
Core Worlds Unknown Unknown Metellos
0%
Outer Rim Territories Anoat sector Unknown Mexeluine
0%
Outer Rim Territories Anoat sector Unknown Mijos
0%
Expansion Region Unknown Unknown Mikkia
0%
Inner Rim Territories Unknown Unknown Milvayne
0%
Inner Rim Territories Unknown Unknown Minfar
0%
Outer Rim Territories Mirrin sector Mirrin system Mirrin Prime
0%
Outer Rim Territories Unknown Unknown Moldour
0%
Unknown Unknown Unknown Molos
0%
Unknown Unknown Unknown Moorja
0%
Unknown Unknown Unknown Moraga
0%
Unknown Unknown Unknown Mrinzebon
0%
Unknown Dalicron sector Unknown Mydasos
0%
Mid Rim Territories Unknown Unknown Naator
0%
Outer Rim Territories Unknown Ubdur system Nag Ubdur
0%
Outer Rim Territories Unknown Unknown Najan-Rovi
0%
Unknown Unknown Unknown Najiba
0%
Expansion Region Unknown Unknown Nakadia
0%
Outer Rim Territories Unknown Unknown Nam Chorios
0%
Inner Rim Territories Unknown Unknown Navlaas
0%
Unknown Unknown Unknown Neelanon
0%
Unknown Unknown Unknown Nelgenam
0%
Outer Rim Territories Unknown Unknown Nepotis
0%
Core Worlds Corellian sector Unknown Neral
0%
Outer Rim Territories Dalnan sector Haileap system Neralus
0%
Unknown Unknown Unknown Neskar
0%
Unknown Regions Unknown Unknown Nettehi
0%
Unknown Unknown Unknown Ningoth
0%
Unknown Unknown Unknown Nooroyo
0%
Mid Rim Territories Tashtor sector Unknown Nordis Prime
0%
Unknown Unknown Unknown Norulac
0%
Outer Rim Territories Anoat sector Unknown Nothoiin
0%
Unknown Unknown Unknown Noult
0%
Unknown Unknown Unknown Nyriaan
0%
Unknown Unknown Unknown Ocahont
0%
Outer Rim Territories Unknown Unknown Odona
0%
Mid Rim Territories Unknown Unknown Ogem
0%
Unknown Unknown Unknown Oktaro
0%
Unknown Unknown Unknown Oliu
0%
Mid Rim Territories Unknown Unknown Onod I
0%
Unknown Unknown Unknown Ontotho
0%
Inner Rim Territories Unknown Unknown Orchis
0%
Mid Rim Territories Unknown Unknown Ord Pardron
0%
Mid Rim Territories Unknown Unknown Ord Tiddell
0%
Outer Rim Territories Unknown Unknown Orish
0%
Outer Rim Territories Anoat sector Unknown Orn Kios
0%
Unknown Unknown Unknown Orra
0%
Mid Rim Territories Unknown Unknown Oshira
0%
Unknown Regions Unknown Unknown Osseriton
0%
Inner Rim Territories Unknown Unknown Oulanne
0%
Outer Rim Territories Unknown Unknown Ovanis
0%
Outer Rim Territories Unknown Unknown Pamarthe
0%
Mid Rim Territories Unknown Unknown Pam'ba
0%
Outer Rim Territories Unknown Unknown Panisia
0%
Outer Rim Territories Cronese Mandate Unknown Panna
0%
Mid Rim Territories Unknown Unknown Parau VI
0%
Unknown Unknown Unknown Parein II
0%
Inner Rim Territories Unknown Unknown Pasher
0%
Outer Rim Territories Unknown Unknown Pastoria
0%
Inner Rim Territories Unknown Unknown Patrolia
0%
Unknown Unknown Paucris system Paucris Major
0%
Unknown Unknown Unknown Pendarr III
0%
Outer Rim Territories Albarrio sector Mygeeto system Pergoomi
0%
Unknown Unknown Unknown Perimako Major
0%
Expansion Region Unknown Unknown Petrusia
0%
Inner Rim Territories Nouane sector Unknown Phateem
0%
Outer Rim Territories Unknown Unknown Phatrong
0%
Inner Rim Territories Unknown Unknown Pheryon
0%
Mid Rim Territories Unknown Unknown Phorsa Gedd
0%
Outer Rim Territories Unknown Unknown Pipada
0%
Outer Rim Territories Unknown Unknown Pippip 3
0%
Wild Space Unknown Unknown Pkori
0%
Unknown Unknown Unknown Planet X
0%
Core Worlds Unknown Unknown Plexis
0%
Unknown Unknown Unknown Plin Minor
0%
Unknown Unknown Unknown Pollillus
0%
Outer Rim Territories Anoat sector Unknown Polmanar
0%
Inner Rim Territories Unknown Unknown Polyneus
0%
Outer Rim Territories Unknown Unknown Ponemah Terminal
0%
Mid Rim Territories Unknown Unknown Pothor
0%
Outer Rim Territories Unknown Unknown Prefsbelt IV
0%
Outer Rim Territories Anoat sector Anoat system Pujool
0%
Unknown Unknown Unknown Pyra
0%
Mid Rim Territories Bryx sector Unknown Pzandias
0%
Outer Rim Territories Unknown Unknown Qhulosk
0%
Outer Rim Territories Unknown Unknown Qualai
0%
Unknown Unknown Unknown Quila
0%
Outer Rim Territories Unknown Unknown Quintil
0%
Unknown Unknown Unknown Raddan
0%
Unknown Unknown Unknown Radhii
0%
Colonies Unknown Unknown Raithal
0%
Expansion Region Unknown Unknown Rajtiri
0%
Core Worlds Unknown Unknown Ralltiir
0%
Unknown Unknown Unknown Rango Tan
0%
Outer Rim Territories Unknown Unknown Reamma
0%
Outer Rim Territories Albarrio sector Mygeeto system Reerez
0%
Unknown Unknown Unknown Rekkana
0%
Core Worlds Unknown Unknown Rendili
0%
Wild Space Unknown Unknown Retta
0%
Unknown Unknown Unknown Rhinnal
0%
Unknown Unknown Unknown Ridlay
0%
Mid Rim Territories Unknown Unknown Riflor
0%
Outer Rim Territories Unknown Unknown Rina Major
0%
Outer Rim Territories Unknown Unknown Rinn
0%
Outer Rim Territories Unknown Unknown Rion
0%
Expansion Region Unknown Unknown Risso
0%
Unknown Unknown Unknown Routh
0%
Outer Rim Territories Unknown Five Points system Rumitaka
0%
Unknown Unknown Unknown Ruoss Minor
0%
Unknown Unknown Unknown Rushan IX
0%
Western Reaches Unknown Unknown Rylorii Minor
0%
Outer Rim Territories Unknown Unknown Rystan
0%
Outer Rim Territories Unknown Unknown Safrifa
0%
Outer Rim Territories Hutt Space Unknown Saki
0%
Core Worlds Unknown Unknown Salliche
0%
Unknown Unknown Unknown Sanjin
0%
Mid Rim Territories Unknown Unknown Sarka
0%
Outer Rim Territories Unknown Five Points system Satotai
0%
Unknown Regions Unknown Unknown Schesa
0%
Mid Rim Territories Unknown Unknown Secundus Ando
0%
Core Worlds Corellian sector Corellia system Selonia
0%
Outer Rim Territories Mahrusha sector Unknown Sembla
0%
Mid Rim Territories Unknown Unknown Serelia
0%
Inner Rim Territories Unknown Unknown Sergia
0%
Unknown Unknown Unknown Serolonis
0%
Unknown Unknown Unknown Serralonis
0%
Unknown Unknown Unknown Setor
0%
Outer Rim Territories Unknown Unknown Sevarcos
0%
Outer Rim Territories Unknown Unknown Seylott
0%
Outer Rim Territories Unknown Unknown Shadda-Bi-Boran
0%
Unknown Regions Unknown Unknown Shihon
0%
Unknown Unknown Unknown Shownar
0%
Outer Rim Territories Unknown Unknown Shuraden
0%
Expansion Region Unknown Unknown Sibensko
0%
Unknown Unknown Unknown Silla
0%
Unknown Unknown Unknown Sirpar
0%
Inner Rim Territories Unknown Unknown Skaradosh
0%
Unknown Unknown Unknown Skorii-Lei
0%
Hutt Space Unknown Unknown Sleheyron
0%
Unknown Unknown Unknown Soika
0%
Outer Rim Territories Albarrio sector Unknown Son-tuul
0%
Unknown Unknown Unknown Sorgal 12
0%
Outer Rim Territories Dantus sector Unknown Spalex
0%
Unknown Unknown Unknown Spintir
0%
Unknown Unknown Unknown Sposia
0%
Outer Rim Territories Unknown Unknown Sterdic IV
0%
Outer Rim Territories Unknown Unknown Strokill Prime
0%
Unknown Unknown Unknown Suba
0%
Outer Rim Territories Unknown Unknown Sy Myrth
0%
Unknown Unknown Unknown Synjax
0%
Mid Rim Territories Unknown Unknown Tah'Nuhna
0%
Unknown Unknown Unknown Tais Brabbo
0%
Outer Rim Territories Unknown Unknown Tammuz-an
0%
Core Worlds Unknown Unknown Tangenine
0%
Mid Rim Territories Unknown Unknown Tansyl 5
0%
Outer Rim Territories Unknown Unknown Taul
0%
Outer Rim Territories Unknown Unknown Tehar
0%
Unknown Unknown Unknown Tei-Untis
0%
Outer Rim Territories Unknown Unknown Temako
0%
Unknown Unknown Unknown Teralov
0%
Outer Rim Territories Unknown Unknown Tevel
0%
Unknown Regions Unknown Unknown The Deep
0%
Outer Rim Territories Unknown Unknown Thorat IX
0%
Wild Space Unknown Unknown Thune
0%
Mid Rim Territories Unknown Unknown Tiferep Major
0%
Unknown Unknown Unknown Tiikae
0%
Core Worlds Unknown Unknown Tinnel IV
0%
Outer Rim Territories Anoat sector Unknown Tinoon
0%
Unknown Unknown Unknown Tish
0%
Outer Rim Territories Anoat sector Unknown Tokmia
0%
Mid Rim Territories Unknown Unknown Toledian
0%
Outer Rim Territories Unknown Unknown Toola
0%
Outer Rim Territories Unknown Unknown Toprawa
0%
Unknown Unknown Unknown Touksingal
0%
Mid Rim Territories Unknown Unknown Trasse
0%
Mid Rim Territories Unknown Unknown Triffis
0%
Outer Rim Territories Kiax Nebula, Anoat sector Unknown Trionak
0%
Outer Rim Territories Unknown Unknown Trivar II
0%
Outer Rim Territories Unknown Unknown Tsevuka
0%
Outer Rim Territories Unknown Unknown Tureen VII
0%
Unknown Unknown Unknown Twon Ketee
0%
Unknown Unknown Unknown Tyegin
0%
Colonies Unknown Unknown Ubardia
0%
Outer Rim Territories Unknown Five Points system Uchinao
0%
Outer Rim Territories Unknown Unknown Umme
0%
Unknown Regions Unknown Unknown Uokara
0%
Colonies Unknown Unknown Uquine
0%
Expansion Region Unknown Unknown Urajab
0%
Unknown Unknown Unknown Uro
0%
Expansion Region Unknown Unknown Ushruu
0%
Mid Rim Territories Unknown Unknown Uyter
0%
Unknown Unknown Unknown Valahari
0%
Unknown Unknown Unknown Valron
0%
Wild Space Unknown Unknown Valtos
0%
Mid Rim Territories Unknown Unknown Var-Shaa
0%
Outer Rim Territories Unknown Unknown Vashka
0%
Unknown Unknown Unknown Vavarna
0%
Outer Rim Territories Unknown Unknown Vernid
0%
Unknown Unknown Unknown Veros
0%
Unknown Unknown Unknown Vertseth
0%
Deep Core Unknown Cerberon system Verzan
0%
Outer Rim Territories Unknown Unknown Vespaara
0%
Unknown Unknown Unknown Viamarr
0%
Expansion Region Unknown Unknown Vincorba
0%
Unknown Unknown Unknown Vir Aphshire
0%
Mid Rim Territories Unknown Unknown Vixnix
0%
Outer Rim Territories Unknown Unknown Vjun
0%
Hutt Space Si'Klaata Cluster Unknown Vodran
0%
Unknown Unknown Stygmarn system Vrant Tarnum
0%
Outer Rim Territories Unknown Unknown Vrogas Vas
0%
Deep Core Unknown Unknown Vulpter
0%
Inner Rim Territories Unknown Unknown Vurdon Ka
0%
Unknown Unknown Unknown Vyndal
0%
Outer Rim Territories Unknown Unknown Wadi Raffa
0%
Colonies Unknown Unknown Wecacoe
0%
Unknown Unknown Unknown Whiforla II
0%
Outer Rim Territories Unknown Unknown Wick 111
0%
Outer Rim Territories Unknown Unknown Wrea
0%
Wild Space Unknown Unknown Xirl
0%
Outer Rim Territories Unknown Unknown Yaga Minor
0%
Outer Rim Territories Unknown Unknown Yakorki
0%
Unknown Unknown Unknown Yamradi
0%
Outer Rim Territories Tenoo's sector Unknown Yarrum
0%
Outer Rim Territories Unknown Unknown Yar Togna
0%
Outer Rim Territories Unknown Unknown Yeksom
0%
Unknown Unknown Unknown Yotch
0%
Mid Rim Territories Unknown Unknown Yoturba
0%
Outer Rim Territories Savareen sector Unknown Zaadja
0%
Outer Rim Territories Unknown Unknown Zastiga
0%
Unknown Unknown Unknown Zav Alox
0%
Inner Rim Territories Unknown Unknown Zeitooine
0%
Unknown Unknown Unknown Zoh
0%
No matching quizzes found
Score Distribution
Percent of People with Each Score
Percentile by Number Answered
Your Score History
You have not taken this quiz since the last reset